000 03329cam a2200289 a 4500
001 16546842
003 0
005 20170127150437.0
008 101119s2012 mauad b 000 0 eng
020 _a9781111298357
040 _cspu
042 _al
050 0 0 _aT 14.5
_b.S63 2012
245 0 0 _aSociety, ethics, and technology /
_c[edited by] Morton E. Winston, Ralph D. Edelbach.
250 _a4th ed., updated.
260 _aBoston :
_bWadsworth Cengage Learning,
_c2012.
300 _axii, 467 p. :
_bill., charts ;
_c23 cm.
504 _aIncludes bibliographical references (p. 463-467).
505 0 _aChildren of invention revisited / Morton Winston - Perspectives on technology -- Historical perspectives -- The invention of invention / David Landes -- Industrial society and technological systems / Ruth Schwartz Cowan -- The shock of the old: production / David Edgerton -- History as technological change / Rosalind Williams -- Social/political perspectives -- I'd hammer out freedom: technology as politics and culture / Richard Sclove -- Artifacts/ideas and political culture / Langdon Winner -- Addressing technological change: the challenge to social theory / Judy Wajcman -- Technologies of humility: citizen participation in governing science / Sheila Jasanoff -- Ethical perspectives -- Philosophy and human values / Ian Barbour -- Technology and responsibility: reflections on the new task of ethics / Hans Jonas -- Technology and social justice / Freeman Dyson -- Ethics and technology: a program for future research / Deborah C. Johnson, Thomas M. Powers -- Contemporary technology and the future -- Globalization and economic development -- The world is flat / Thomas L. Friedman -- In defense of globalization / Jagdish Bhagwati -- Making globalization work / Joseph E. Stiglitz -- What should be off-limits to globalization? / International Forum on Globalization -- Computers, information, and surveillance technologies -- Many working minds: wikis, open source software, and blogs / Cass R. Sunstein -- The consequences of the Information Revolution / Max Boot -- Bigger monster, weaker chains / Jay Stanley, Barry Steinhardt -- In praise of Big Brother: why we should learn to stop worrying and love (some) government surveillance / James Stacey Taylor -- Artificial intelligence, robotics, and nanotechnology -- Us and them / Rodney A. Brooks -- Artificial intelligence and the future / William F. Clocksin -- Why the future doesn't need us / Bill Joy -- Nanoscience, nanotechnology, and ethics: promise and peril / Ray Kurzweil -- Biotechnology and genetic engineering -- A glimpse of things to come / Lee M. Silver -- Preventing a brave new world / Leon R. Kass -- The case against perfection / Michael J. Sandel -- Trespass / Claire Hope Cummings -- Population, energy, and climate change -- The tragedy of the commons / Garrett Hardin -- Ethics and global climate change / Stephen M. Gardiner -- Energizing cities / Janet L. Sawin, Kristen Hughes -- The nexus and the need tree / Robert W. Kates.
650 0 _aTechnology
_xSocial aspects.
650 0 _aTechnology
_xMoral and ethical aspects.
650 4 _aTecnología
_xAspectos sociales.
650 4 _aTecnología
_xAspectos morales y éticos.
700 1 _aWinston, Morton Emanuel.
700 1 _aEdelbach, Ralph.
942 _2lcc
_cBK
999 _c48197
_d48197